000
00230nmm a2200085Ia 4500
008
220120s9999||||xx |||||||||||||||||und||
100
_a
Digit
245
0
_a
Mindware ; App of the month photoshop album starter ed. offi
260
_c
2003
999
_c
138610
_d
138610